[Event "C.to Europeo U16"]
[Site "Fermo ITA"]
[Date "2009.09.07"]
[Round "7"]
[White "Pruja Ramirez De Cartagena, Marc"]
[Black "Grandelius, Nils"]
[Result "0-1"]
[WhiteElo "2214"]
[BlackElo "2515"]
[PlyCount "84"]
[EventDate "2009.08.31"]

1. e4 e5 2. Nf3 Nc6 3. Bb5 Nf6 4. O-O Nxe4 5. d4 Nd6 6. dxe5 Nxb5 7. a4 d6 8.
e6 Bxe6 9. axb5 Ne5 10. Nd4 Be7 11. f4 Bg4 12. Qe1 c5 13. fxe5 cxd4 14. Rf4 Be6
15. Rxd4 Qb6 16. Be3 dxe5 17. Rd5 Qc7 18. b6 Qxc2 19. Rd2 Qc6 20. bxa7 O-O 21.
Nc3 b5 22. Qf2 f5 23. Bb6 Rfc8 24. Kh1 b4 25. Ne2 f4 26. Rdd1 Qb7 27. Rac1 Bc4
28. Ng1 Rc6 29. Nf3 Bf6 30. Bc5 Qb5 31. Bd6 Bb3 32. Rxc6 Qxc6 33. Rd2 e4 34.
Qc5 Qxc5 35. Bxc5 exf3 36. gxf3 Kf7 37. Rd7+ Ke6 38. Rd6+ Kf5 39. Rd7 Bxb2 40.
Bxb4 Be6 41. Rd2 Bc1 42. Rd1 Be3 0-1

[Event "C.to Europeo U16"]
[Site "Fermo ITA"]
[Date "2009.09.07"]
[Round "7"]
[White "Ralys, Vincas"]
[Black "Rasulo, Stefano"]
[Result "1-0"]
[WhiteElo "1868"]
[BlackElo "1794"]
[PlyCount "37"]
[EventDate "2009.08.31"]

1. e4 c5 2. Nf3 d6 3. d4 cxd4 4. Nxd4 Nf6 5. Nc3 a6 6. Bg5 e6 7. f4 Be7 8. Qf3
Qc7 9. O-O-O Nbd7 10. g4 b5 11. Bxf6 Nxf6 12. g5 Nd7 13. f5 Bxg5+ 14. Kb1 e5
15. Nd5 Qc5 16. Qh5 Bd8 17. Ne6 g6 18. fxg6 fxg6 19. Qf3 1-0

[Event "C.to Europeo U16"]
[Site "Fermo ITA"]
[Date "2009.09.07"]
[Round "7"]
[White "Rombaldoni, Brian"]
[Black "Di Trapani, Davide"]
[Result "0-1"]
[WhiteElo "1831"]
[BlackElo "1883"]
[PlyCount "66"]
[EventDate "2009.08.31"]

1. b3 d5 2. Bb2 e6 3. f4 Nf6 4. Nf3 c5 5. e3 Nc6 6. Bb5 Bd7 7. O-O Be7 8. Ne5
Nxe5 9. fxe5 Bxb5 10. exf6 Bxf6 11. Bxf6 gxf6 12. Rf4 f5 13. Nc3 Bc6 14. Qh5
Qf6 15. Raf1 O-O-O 16. Ne2 Rdg8 17. Ng3 Rg5 18. Qh3 h5 19. Rh4 Qg6 20. d3 Bd7
21. Ne2 e5 22. Qf3 Be6 23. Ng3 Rg4 24. Rh3 f4 25. Ne2 Rg8 26. Kh1 e4 27. dxe4
dxe4 28. Qf2 Rxg2 29. Qxf4 Bxh3 30. Ng3 Rxg3 31. hxg3 Bxf1 32. Qxf1 Qxg3 33.
Qf5+ Kb8 0-1

[Event "C.to Europeo U16"]
[Site "Fermo ITA"]
[Date "2009.09.07"]
[Round "7"]
[White "Rossi, Nicolo' N."]
[Black "Stoeri, Simon"]
[Result "0-1"]
[WhiteElo "1721"]
[BlackElo "1974"]
[PlyCount "116"]
[EventDate "2009.08.31"]

1. e4 c5 2. f4 d5 3. e5 Nc6 4. c3 d4 5. Nf3 Bf5 6. d3 Qd7 7. c4 h6 8. Be2 e6 9.
a3 Be7 10. Bd2 g5 11. Qc1 g4 12. Ng1 f6 13. exf6 Nxf6 14. b3 h5 15. Qb2 Qd6 16.
Qc2 Nd7 17. Bf1 e5 18. g3 Qg6 19. Bc1 e4 20. Kd2 h4 21. gxh4 Rxh4 22. dxe4 Bxe4
23. Bd3 Nf6 24. Ne2 Bd6 25. Bxe4 Qxe4 26. Qxe4+ Nxe4+ 27. Ke1 g3 28. Nd2 Nf2
29. Nf3 Rh8 30. Nxg3 Nxh1 31. Nxh1 Rf8 32. Kf2 Bxf4 33. Bxf4 Rxf4 34. Kg3 Re4
35. h4 Re3 36. Re1 Rxe1 37. Nxe1 Na5 38. Nd3 Nxb3 39. h5 b6 40. Kg4 Kf7 41. Ng3
Rg8+ 42. Kh4 Nd2 43. Ne5+ Kf6 44. Ng4+ Ke6 45. h6 Nf3+ 46. Kh3 d3 47. Ne3 Rh8
48. Ngf5 d2 49. Kg4 Ne5+ 50. Kf4 Nxc4 51. Kf3 Nxe3 52. Nxe3 Rxh6 53. Ke2 Rh2+
54. Kd1 b5 55. Kc2 c4 56. Nf1 Rf2 57. Nxd2 a5 58. Kc3 b4+ 0-1

[Event "C.to Europeo U16"]
[Site "Fermo ITA"]
[Date "2009.09.07"]
[Round "7"]
[White "Schaerer, Julian"]
[Black "Anaya Lopez, Gonzalo Javier"]
[Result "1/2-1/2"]
[WhiteElo "1975"]
[BlackElo "1871"]
[PlyCount "84"]
[EventDate "2009.08.31"]

1. e4 e6 2. d4 d5 3. Nc3 Nf6 4. e5 Nfd7 5. f4 c5 6. Nf3 Nc6 7. Be3 a6 8. Qd2 b5
9. dxc5 Bxc5 10. Bxc5 Nxc5 11. Qf2 Nd7 12. Bd3 Bb7 13. O-O Qb6 14. Ne2 Qxf2+
15. Kxf2 Nb6 16. Rfd1 Rc8 17. Ned4 Ke7 18. g3 Rc7 19. h3 g6 20. Rab1 h5 21. Rh1
Nc4 22. Rhg1 Kd7 23. Nxc6 Rxc6 24. Nd4 Rcc8 25. Rgd1 Kc7 26. c3 Kb6 27. Ke2 a5
28. Nxb5 Kxb5 29. b3 Ka6 30. h4 Ka7 31. bxc4 dxc4 32. Bc2 Rhd8 33. Ke3 Bd5 34.
Ba4 Rb8 35. a3 Ka6 36. Bc2 Rb5 37. Rxb5 Kxb5 38. Rb1+ Kc5 39. Rd1 Rb8 40. Rb1
Rd8 41. Ba4 Bc6 42. Bc2 Bd5 1/2-1/2

[Event "C.to Europeo U16"]
[Site "Fermo ITA"]
[Date "2009.09.07"]
[Round "7"]
[White "Schneider, Rafael"]
[Black "Garcia Perez, Javier"]
[Result "1/2-1/2"]
[WhiteElo "1823"]
[BlackElo "1752"]
[PlyCount "45"]
[EventDate "2009.08.31"]

1. e4 e6 2. d4 d5 3. exd5 exd5 4. c4 c6 5. Nc3 Nf6 6. Nf3 Be7 7. Bd3 dxc4 8.
Bxc4 O-O 9. O-O Nbd7 10. Re1 Nb6 11. Bb3 Bg4 12. Bg5 Bh5 13. Qd3 Bg6 14. Qe3
Re8 15. Ne5 Nfd5 16. Bxe7 Rxe7 17. Qf3 Qd6 18. Nxg6 Rxe1+ 19. Rxe1 hxg6 20.
Nxd5 Nxd5 21. Bxd5 cxd5 22. Qb3 b6 23. Qb5 1/2-1/2

[Event "C.to Europeo U16"]
[Site "Fermo ITA"]
[Date "2009.09.07"]
[Round "7"]
[White "Simongini, Giacomo"]
[Black "Orava, Aleksander"]
[Result "0-1"]
[WhiteElo "1566"]
[BlackElo "1794"]
[PlyCount "76"]
[EventDate "2009.08.31"]

1. e4 c5 2. Nc3 Nc6 3. Nf3 e6 4. d4 cxd4 5. Nxd4 Qc7 6. Be3 a6 7. Be2 Nf6 8.
O-O Bb4 9. Bf3 O-O 10. Nce2 Bd6 11. g3 Ne5 12. Bg2 Neg4 13. Bg5 h6 14. Bd2 Bc5
15. Qc1 e5 16. Nf5 Nxf2 17. Rxf2 Ng4 18. Ne3 Nxf2 19. Kxf2 f5 20. exf5 Rxf5+
21. Kg1 d6 22. Kh1 Bxe3 23. Bxe3 Bd7 24. Nc3 Bc6 25. Qd2 Bxg2+ 26. Qxg2 Raf8
27. Qd5+ Kh8 28. Kg1 Rf3 29. Bd2 Qd7 30. Qc4 Qh3 31. Qe2 Rf2 32. Qxf2 Rxf2 33.
Kxf2 Qxh2+ 34. Ke3 Qxg3+ 35. Ke2 Qg2+ 36. Ke3 d5 37. Ne2 d4+ 38. Kd3 Qf3+ 0-1

[Event "C.to Europeo U16"]
[Site "Fermo ITA"]
[Date "2009.09.07"]
[Round "7"]
[White "Skoulakis, Charalambos"]
[Black "Balzano, Aldo"]
[Result "1-0"]
[WhiteElo "2132"]
[BlackElo "1853"]
[PlyCount "97"]
[EventDate "2009.08.31"]

1. e4 c5 2. d4 cxd4 3. c3 dxc3 4. Nxc3 e6 5. Nf3 a6 6. Bc4 Nc6 7. O-O Nge7 8.
Qe2 Ng6 9. Rd1 d6 10. Be3 Be7 11. Rac1 O-O 12. Na4 b5 13. Nb6 Rb8 14. Bxb5 axb5
15. Rxc6 Bb7 16. Qxb5 Bxc6 17. Qxc6 Qe8 18. Qxe8 Rfxe8 19. a4 Ne5 20. Nxe5 dxe5
21. a5 Red8 22. Rc1 Bb4 23. a6 Bd2 24. Rc6 Bxe3 25. fxe3 Rd1+ 26. Kf2 Ra1 27.
Nc4 Ra8 28. Na3 g6 29. Ke2 Ra2 30. Rb6 Kg7 31. Kd3 Ra1 32. Kc4 Re1 33. Nb5 Ra1
34. a7 Ra4+ 35. b4 Ra1 36. Rb7 Rc1+ 37. Kb3 Ra1 38. Na3 Re1 39. Nc2 Rd1 40. b5
Rd3+ 41. Kc4 Rdd8 42. b6 Rdc8+ 43. Rc7 Rxc7+ 44. bxc7 Rc8 45. Kb5 Rxc7 46. a8=Q
Rxc2 47. Qa1 Kf6 48. Qd1 Rc7 49. Qd8+ 1-0

[Event "C.to Europeo U16"]
[Site "Fermo ITA"]
[Date "2009.09.07"]
[Round "7"]
[White "Sochacki, Christophe"]
[Black "Khachykian, David"]
[Result "1/2-1/2"]
[WhiteElo "2274"]
[BlackElo "2139"]
[PlyCount "154"]
[EventDate "2009.08.31"]

1. d4 d5 2. c4 e6 3. Nf3 c6 4. e3 Bd6 5. b3 f5 6. Bd3 Nf6 7. O-O Qe7 8. Bb2 O-O
9. Qc1 b6 10. Ba3 Bb7 11. Bxd6 Qxd6 12. Ne5 Nbd7 13. f4 Rfc8 14. Nxd7 Nxd7 15.
cxd5 cxd5 16. Qa3 Qxa3 17. Nxa3 Rc3 18. Rfd1 a6 19. Rac1 Rac8 20. Rxc3 Rxc3 21.
Kf2 b5 22. Ke2 b4 23. Nb1 Rc6 24. Nd2 Kf8 25. Ra1 Ke7 26. a3 bxa3 27. Rxa3 Rb6
28. g4 fxg4 29. Bxh7 e5 30. fxe5 g6 31. Bg8 Kf8 32. e6 Kxg8 33. exd7 Rd6 34.
Ra1 Rxd7 35. Rg1 Rh7 36. Rxg4 Rxh2+ 37. Kd3 Kg7 38. Nf3 Rb2 39. Kc3 Rf2 40. Ne5
Rf6 41. Kb4 Bc8 42. Rg1 Rb6+ 43. Kc5 Rb5+ 44. Kd6 Bf5 45. b4 Be4 46. Nc6 Kh6
47. Ke5 g5 48. Nd8 Kh5 49. Nf7 g4 50. Nd6 Rb8 51. Nxe4 dxe4 52. Rh1+ Kg5 53.
Kxe4 Rxb4 54. Rf1 Ra4 55. Rf8 Ra1 56. d5 Kg6 57. d6 Rd1 58. Ke5 Rd3 59. e4 g3
60. Ra8 Kf7 61. Ra7+ Kf8 62. Rxa6 g2 63. Ra1 Kf7 64. Rb1 Rd2 65. Rg1 Re2 66.
Rd1 Rd2 67. Rg1 Re2 68. Kd5 Rd2+ 69. Kc6 Ke6 70. e5 Rc2+ 71. Kb6 Rb2+ 72. Kc7
Rc2+ 73. Kd8 Re2 74. Ke8 Kxe5 75. d7 Kf4+ 76. Kf8 Rd2 77. Ke7 Kf3 1/2-1/2

[Event "C.to Europeo U16"]
[Site "Fermo ITA"]
[Date "2009.09.07"]
[Round "7"]
[White "Song, Julien"]
[Black "Aghasaryan, Robert"]
[Result "0-1"]
[WhiteElo "2319"]
[BlackElo "2240"]
[PlyCount "108"]
[EventDate "2009.08.31"]

1. d4 d5 2. Nf3 c6 3. c4 e6 4. e3 Nf6 5. b3 Nbd7 6. Bb2 b6 7. Bd3 Bb7 8. Nbd2
c5 9. cxd5 exd5 10. O-O Be7 11. Ne5 O-O 12. Qe2 a6 13. Rad1 Re8 14. f4 cxd4 15.
exd4 Bb4 16. Ndf3 h6 17. Bf5 Nf8 18. Rc1 Bd6 19. Nd2 Qe7 20. Qf2 Ne4 21. Bxe4
dxe4 22. Ndc4 b5 23. Ne3 f6 24. Nc6 Qd7 25. Na5 Ng6 26. Qg3 Ne7 27. Nxb7 Qxb7
28. Qg4 Kh8 29. Qh5 Qd7 30. h3 Rf8 31. Kh1 Rad8 32. f5 Bb4 33. Rc2 Nd5 34. Qe2
Nxe3 35. Qxe3 Rfe8 36. Rf4 Bd6 37. Rff2 Bb8 38. g4 Ba7 39. Rcd2 Qd5 40. h4 Kg8
41. Rg2 h5 42. gxh5 Qxf5 43. h6 Rd7 44. hxg7 Qf3 45. Qxf3 exf3 46. Rg3 Re1+ 47.
Rg1 Re4 48. h5 Bb8 49. Rg6 Rxg7 50. Kg1 Rxg6+ 51. hxg6 Bg3 52. Rd1 Re2 53. Bc3
Rg2+ 54. Kh1 Rh2+ 0-1

[Event "C.to Europeo U16"]
[Site "Fermo ITA"]
[Date "2009.09.07"]
[Round "7"]
[White "Stella, Andrea"]
[Black "Van Kampen, Robin"]
[Result "0-1"]
[WhiteElo "2301"]
[BlackElo "2383"]
[PlyCount "62"]
[EventDate "2009.08.31"]

1. d4 c5 2. d5 g6 3. c4 d6 4. e4 Bg7 5. Bd3 Nf6 6. Nc3 O-O 7. Nge2 e6 8. O-O
exd5 9. cxd5 Re8 10. Ng3 Na6 11. h3 Nc7 12. a4 a6 13. f4 Rb8 14. Qf3 b5 15.
axb5 axb5 16. e5 dxe5 17. fxe5 Nfxd5 18. Qxf7+ Kh8 19. Nxd5 Qxd5 20. Qxc7 Bxe5
21. Qf7 Qxf7 22. Rxf7 Bxg3 23. Bg5 Kg8 24. Raa7 Re1+ 25. Bf1 Be5 26. Kf2 Rb1
27. Rxh7 Bd4+ 28. Ke2 Be6 29. Be3 Bc4+ 30. Kd2 Bxe3+ 31. Kxe3 Rxf1 0-1

[Event "C.to Europeo U16"]
[Site "Fermo ITA"]
[Date "2009.09.07"]
[Round "7"]
[White "Strzemiecki, Zbigniew"]
[Black "Srbis, Jurica"]
[Result "1-0"]
[WhiteElo "2314"]
[BlackElo "2250"]
[PlyCount "71"]
[EventDate "2009.08.31"]

1. e4 e5 2. Nf3 Nc6 3. Bb5 a6 4. Bxc6 dxc6 5. O-O f6 6. d4 exd4 7. Nxd4 c5 8.
Ne2 Qxd1 9. Rxd1 Bd7 10. Nbc3 O-O-O 11. Bf4 Ne7 12. Rd2 Re8 13. Bg3 Bc6 14.
Rad1 b6 15. Nf4 Ng6 16. Nxg6 hxg6 17. Nd5 Rxe4 18. Nxc7 Be7 19. f3 Ra4 20. a3
f5 21. Be5 Bg5 22. Rd6 Rd8 23. Rxd8+ Bxd8 24. Ne6 Be7 25. Bxg7 g5 26. Bh6 g4
27. Bg5 Bxg5 28. Nxg5 gxf3 29. Nxf3 b5 30. c3 a5 31. Kf2 b4 32. Ne5 Ba8 33. Nc4
Kc7 34. b3 Rxa3 35. Nxa3 bxa3 36. Ra1 1-0

[Event "C.to Europeo U16"]
[Site "Fermo ITA"]
[Date "2009.09.07"]
[Round "7"]
[White "Ten Hertog, Hugo"]
[Black "Rabatin, Jakub"]
[Result "1/2-1/2"]
[WhiteElo "2108"]
[BlackElo "2175"]
[PlyCount "111"]
[EventDate "2009.08.31"]

1. e4 c5 2. Nf3 d6 3. d4 cxd4 4. Nxd4 Nf6 5. Nc3 Nc6 6. Bg5 e6 7. Qd2 a6 8.
O-O-O Bd7 9. f3 h6 10. Be3 b5 11. g4 Nxd4 12. Bxd4 b4 13. Ne2 Qa5 14. Kb1 e5
15. Be3 Be6 16. Nc1 d5 17. exd5 Nxd5 18. f4 exf4 19. Bd4 Be7 20. Bxg7 Rg8 21.
Bd4 Rd8 22. Nb3 Qc7 23. Bd3 Rxg4 24. Rhg1 Rg5 25. h4 Rg3 26. Bxa6 Qc6 27. Bd3
Bxh4 28. Rxg3 fxg3 29. Qxh6 Be7 30. Qg7 g2 31. Na5 Qa4 32. Nc4 Ra8 33. Qxg2
Qxa2+ 34. Kc1 Rc8 35. Ne5 Qa1+ 36. Kd2 Qa5 37. b3 Bf6 38. Ra1 Qc7 39. Ra7 Qxa7
40. Bxa7 Bxe5 41. Qf2 Bd6 42. Bd4 Ke7 43. Qh4+ Kd7 44. Bb5+ Kc7 45. Bc4 Rg8 46.
Bxd5 Bxd5 47. Be5 Bxe5 48. Qe7+ Kc6 49. Qxe5 Rd8 50. Ke3 Rd7 51. c4 bxc3 52.
Qxc3+ Kb5 53. b4 Bc4 54. Qa3 Rd3+ 55. Qxd3 Bxd3 56. Kxd3 1/2-1/2

[Event "C.to Europeo U16"]
[Site "Fermo ITA"]
[Date "2009.09.07"]
[Round "7"]
[White "Tsirekidze, Giorgi"]
[Black "Topak, Engin"]
[Result "0-1"]
[WhiteElo "1864"]
[BlackElo "2005"]
[PlyCount "58"]
[EventDate "2009.08.31"]

1. d4 Nf6 2. c4 g6 3. g3 Bg7 4. Bg2 O-O 5. Nc3 d6 6. e4 c5 7. Nge2 Nc6 8. O-O
cxd4 9. Nxd4 Bd7 10. Nce2 Rc8 11. b3 a6 12. Qd3 Ng4 13. Bb2 b5 14. cxb5 axb5
15. Nxc6 Bxc6 16. Bxg7 Kxg7 17. Nd4 Ne5 18. Qe3 Bd7 19. f4 Ng4 20. Qd3 b4 21.
h3 Rc3 22. Qd2 Nf6 23. Ne2 Qb6+ 24. Kh2 Qe3 25. Qb2 Rd3 26. Rfd1 Rxd1 27. Rxd1
Kg8 28. e5 Ne4 29. Qd4 Qxe2 0-1

[Event "C.to Europeo U16"]
[Site "Fermo ITA"]
[Date "2009.09.07"]
[Round "7"]
[White "Vlasak, Lukas"]
[Black "Petenyi, Tamas"]
[Result "1/2-1/2"]
[WhiteElo "2177"]
[BlackElo "2308"]
[PlyCount "40"]
[EventDate "2009.08.31"]

1. e4 e5 2. Nf3 Nc6 3. Bb5 a6 4. Ba4 Nf6 5. O-O Be7 6. Re1 b5 7. Bb3 O-O 8. d4
d6 9. c3 Bg4 10. d5 Na5 11. Bc2 c6 12. h3 Bc8 13. dxc6 Qc7 14. b3 Qxc6 15. Bb2
Bb7 16. Nbd2 Rad8 17. a4 Qb6 18. axb5 axb5 19. Qe2 Nh5 20. Qe3 Qc7 1/2-1/2

[Event "C.to Europeo U16"]
[Site "Fermo ITA"]
[Date "2009.09.08"]
[Round "8"]
[White "Aghasaryan, Robert"]
[Black "Baghdasaryan, Vahe"]
[Result "0-1"]
[WhiteElo "2240"]
[BlackElo "2275"]
[PlyCount "100"]
[EventDate "2009.08.31"]

1. d4 d5 2. c4 c6 3. cxd5 cxd5 4. Bf4 Nc6 5. Nf3 Nf6 6. Nc3 a6 7. Rc1 Bf5 8. e3
Rc8 9. Be2 e6 10. O-O Bd6 11. Bxd6 Qxd6 12. Na4 O-O 13. Qb3 Rc7 14. Nc5 Qe7 15.
Qb6 Rfc8 16. Rc3 e5 17. dxe5 Nxe5 18. Nd4 Bg4 19. Bxg4 Nfxg4 20. Nf5 Qg5 21.
Ne6 Qh5 22. h3 Rxc3 23. Ne7+ Kh8 24. bxc3 Re8 25. Nf4 Qg5 26. hxg4 Qxe7 27.
Nxd5 Qd7 28. e4 Nxg4 29. f3 Ne5 30. Rb1 Qa4 31. Qxb7 h6 32. Nc7 Re7 33. Qc8+
Kh7 34. Nd5 Re6 35. Ne3 Qxa2 36. Rb8 Qd2 37. Qh8+ Kg6 38. Nf5 Qe1+ 39. Kh2
Nxf3+ 40. gxf3 Qf2+ 41. Kh3 Qxf3+ 42. Kh2 Qh5+ 43. Kg2 Rxe4 44. Ng3 Qg4 45. Rb2
h5 46. Rb6+ f6 47. Rxf6+ Kxf6 48. Qd8+ Kf7 49. Qd5+ Re6 50. Qd7+ Kg8 0-1

[Event "C.to Europeo U16"]
[Site "Fermo ITA"]
[Date "2009.09.08"]
[Round "8"]
[White "Anaya Lopez, Gonzalo Javier"]
[Black "Rossi, Nicolo' N."]
[Result "1/2-1/2"]
[WhiteElo "1871"]
[BlackElo "1721"]
[PlyCount "40"]
[EventDate "2009.08.31"]

1. e4 e5 2. Nf3 Nc6 3. d4 exd4 4. Bc4 Nf6 5. e5 Ng4 6. Bxf7+ Kxf7 7. Ng5+ Kg8
8. Qxg4 Qe8 9. O-O Qxe5 10. Qf3 Nd8 11. Bf4 Qc5 12. Re1 Ne6 13. h4 Nxg5 14.
hxg5 Qf5 15. Qb3+ Qf7 16. Bxc7 Qxb3 17. axb3 Kf7 18. Ra4 Bc5 19. Nd2 b5 20.
Raa1 Bb7 1/2-1/2

[Event "C.to Europeo U16"]
[Site "Fermo ITA"]
[Date "2009.09.08"]
[Round "8"]
[White "Andreev, Sasho"]
[Black "Antolin Concha, Diego"]
[Result "1-0"]
[WhiteElo "2090"]
[BlackElo "2252"]
[PlyCount "59"]
[EventDate "2009.08.31"]

1. d4 Nf6 2. c4 e6 3. Nf3 d5 4. g3 dxc4 5. Qa4+ c6 6. Qxc4 b5 7. Qc2 Bb7 8. Bg2
Nbd7 9. Ne5 Nxe5 10. dxe5 Nd7 11. O-O Nxe5 12. Bf4 Nd7 13. Rd1 Qb6 14. a4 a6
15. Nc3 Nf6 16. axb5 axb5 17. Be3 Bc5 18. Rxa8+ Bxa8 19. Na4 bxa4 20. Bxc5 Qb5
21. Ba3 Nd5 22. e4 Nf6 23. Qd2 Qb8 24. Qg5 Rg8 25. Qc5 Qc7 26. Bb4 Bb7 27. Ba5
Nd7 28. Bxc7 Nxc5 29. Rd8+ Ke7 30. Rxg8 1-0

[Event "C.to Europeo U16"]
[Site "Fermo ITA"]
[Date "2009.09.08"]
[Round "8"]
[White "Ballas, Kleon-Evangelos"]
[Black "Vandevenne, Sander"]
[Result "1/2-1/2"]
[WhiteElo "1859"]
[BlackElo "2043"]
[PlyCount "30"]
[EventDate "2009.08.31"]

1. d4 Nf6 2. c4 e6 3. Nf3 d5 4. Nc3 Be7 5. Bg5 Nbd7 6. cxd5 exd5 7. e3 O-O 8.
Bd3 Re8 9. Qc2 Nf8 10. O-O c6 11. Rab1 Bg4 12. Ne5 Bh5 13. Bf5 Bg6 14. Nxg6
hxg6 15. Bd3 Ne6 1/2-1/2

[Event "C.to Europeo U16"]
[Site "Fermo ITA"]
[Date "2009.09.08"]
[Round "8"]
[White "Balzano, Aldo"]
[Black "Marguerettaz, Davy"]
[Result "0-1"]
[WhiteElo "1853"]
[BlackElo "2048"]
[PlyCount "80"]
[EventDate "2009.08.31"]

1. d4 d5 2. c4 c6 3. Nf3 Nf6 4. Nc3 dxc4 5. a4 Na6 6. e4 Bg4 7. Bxc4 Bxf3 8.
gxf3 e6 9. Rg1 Qc7 10. Be3 Qxh2 11. Ke2 Qc7 12. Qb3 Nb4 13. a5 h5 14. Rgc1 Be7
15. Ra4 Na6 16. e5 Nd7 17. Ne4 O-O 18. Bg5 Nac5 19. dxc5 Bxg5 20. Nxg5 Nxc5 21.
Qe3 Nxa4 22. Qe4 g6 23. Bb3 Qe7 24. Qe3 b5 25. Ne4 Kg7 26. Nf6 Rh8 27. Qg5 Qb4
28. Qe3 Nxb2 29. Ne4 Nc4 30. Bxc4 bxc4 31. Qg5 Qb2+ 32. Kf1 h4 33. Kg2 h3+ 34.
Kh2 Rh5 35. Qf6+ Kg8 36. Qf4 Qxe5 37. Nf6+ Kg7 38. Nxh5+ Qxh5 39. Rxc4 Rd8 40.
Rd4 e5 0-1

[Event "C.to Europeo U16"]
[Site "Fermo ITA"]
[Date "2009.09.08"]
[Round "8"]
[White "Bongioanni, Alberto"]
[Black "Marconi, Gabriele"]
[Result "0-1"]
[WhiteElo "1747"]
[BlackElo "1795"]
[PlyCount "42"]
[EventDate "2009.08.31"]

1. d4 d5 2. Nf3 c6 3. c4 Nf6 4. Nc3 Nbd7 5. Bf4 e6 6. e3 Bb4 7. a3 Ba5 8. b4
Bc7 9. Bg3 O-O 10. cxd5 exd5 11. Bd3 Re8 12. Qc2 Nf8 13. O-O Ng6 14. b5 Bg4 15.
Nd2 Bxg3 16. hxg3 Bd7 17. Nb3 Rc8 18. a4 Ng4 19. Nc5 Rc7 20. Nxd7 Qg5 21. bxc6
Qh5 0-1

[Event "C.to Europeo U16"]
[Site "Fermo ITA"]
[Date "2009.09.08"]
[Round "8"]
[White "Danilenko, Dmitriy"]
[Black "Popilski, Gil"]
[Result "1/2-1/2"]
[WhiteElo "2290"]
[BlackElo "2392"]
[PlyCount "77"]
[EventDate "2009.08.31"]

1. e4 c5 2. Nc3 a6 3. Nf3 e6 4. d4 cxd4 5. Nxd4 Qc7 6. Bd3 Nf6 7. O-O d6 8. Be3
Nbd7 9. f4 b5 10. Qe2 Bb7 11. Bf2 Be7 12. Kh1 b4 13. Nb1 Nc5 14. Nd2 d5 15. e5
Nfe4 16. Bg1 h5 17. Bxe4 Nxe4 18. Nxe4 dxe4 19. c3 h4 20. h3 O-O 21. cxb4 Bxb4
22. Rac1 Qa5 23. a3 Be7 24. Nb3 Qd5 25. Nc5 Bxc5 26. Rxc5 Qd3 27. Qxd3 exd3 28.
Rd1 Be4 29. Bd4 Rfd8 30. Bc3 Rac8 31. Rxc8 Rxc8 32. Kg1 Kh7 33. Re1 Rc4 34. Rc1
Bd5 35. Rd1 Rxf4 36. Rxd3 g5 37. Rd4 Rf5 38. Rd2 Kg6 39. Rf2 1/2-1/2

[Event "C.to Europeo U16"]
[Site "Fermo ITA"]
[Date "2009.09.08"]
[Round "8"]
[White "Davi, Alessandro"]
[Black "Melone, Antonio"]
[Result "1/2-1/2"]
[WhiteElo "2027"]
[BlackElo "1881"]
[PlyCount "29"]
[EventDate "2009.08.31"]

1. e4 c5 2. Nf3 Nc6 3. d4 cxd4 4. Nxd4 e5 5. Nb5 d6 6. N1c3 Nf6 7. Bg5 Qa5 8.
Bd2 Qd8 9. Bg5 a6 10. Na3 b5 11. Nd5 Qa5+ 12. Bd2 Qd8 13. Bg5 Qa5+ 14. Bd2 Qd8
15. Bg5 1/2-1/2

[Event "C.to Europeo U16"]
[Site "Fermo ITA"]
[Date "2009.09.08"]
[Round "8"]
[White "Di Trapani, Davide"]
[Black "Arvola, Benjamin"]
[Result "0-1"]
[WhiteElo "1883"]
[BlackElo "2144"]
[PlyCount "112"]
[EventDate "2009.08.31"]

1. e4 c5 2. Nf3 d6 3. d4 cxd4 4. Nxd4 Nf6 5. Nc3 g6 6. Be3 Bg7 7. f3 O-O 8. Qd2
Nc6 9. Bc4 Bd7 10. O-O-O Rc8 11. Bb3 Ne5 12. g4 Qa5 13. Kb1 Rxc3 14. Qxc3 Qxc3
15. bxc3 Rc8 16. Kb2 Ne8 17. h3 Nxf3 18. Bxf7+ Kxf7 19. Rhf1 Nf6 20. Nxf3 Bb5
21. e5 Nd5 22. Bd4 Bxf1 23. Rxf1 dxe5 24. Nxe5+ Ke8 25. Re1 b5 26. Nf3 Rxc3 27.
Bxg7 Rxf3 28. Re5 Nc7 29. Rc5 Ne6 30. Rc3 Rxc3 31. Bxc3 Nf4 32. Bd4 a6 33. Be3
Nd5 34. Bd2 Kd7 35. Kb3 Nb6 36. Kc3 Kd6 37. Kd4 e5+ 38. Ke4 Ke6 39. Bc3 Nc4 40.
Bb4 Nd6+ 41. Kd3 Kd5 42. Bd2 Nc4 43. Bg5 a5 44. h4 e4+ 45. Ke2 Ne5 46. Bd8 a4
47. g5 Nc4 48. Bf6 Ke6 49. Bd4 Kf5 50. Bf2 Kf4 51. Be1 e3 52. Bc3 Ke4 53. Bb4
Nb6 54. Bc5 Nd5 55. a3 Nf4+ 56. Kf1 Kf3 0-1

[Event "C.to Europeo U16"]
[Site "Fermo ITA"]
[Date "2009.09.08"]
[Round "8"]
[White "Fiducioso, Marco"]
[Black "Song, Julien"]
[Result "1-0"]
[WhiteElo "2122"]
[BlackElo "2319"]
[PlyCount "131"]
[EventDate "2009.08.31"]

1. e4 e6 2. d4 d5 3. e5 c5 4. c3 Nc6 5. Nf3 Qb6 6. a3 Nh6 7. b4 cxd4 8. cxd4
Nf5 9. Bb2 Be7 10. Bd3 Bd7 11. Bxf5 exf5 12. Nc3 Be6 13. O-O O-O 14. Qd3 Rfc8
15. Na4 Qd8 16. Nc5 b6 17. Nxe6 fxe6 18. Rac1 a5 19. b5 Na7 20. a4 Rxc1 21.
Rxc1 Rc8 22. Rxc8 Qxc8 23. Qc3 h6 24. Qxc8+ Nxc8 25. h4 g6 26. Kh2 Kg7 27. Bc1
Kh7 28. Kh3 Kg7 29. Kg3 Kh7 30. Ng1 g5 31. hxg5 hxg5 32. Nh3 Kg6 33. f4 gxf4+
34. Nxf4+ Kf7 35. Kf3 Bb4 36. Nh3 Ke7 37. Kf4 Bc3 38. Ba3+ Kd7 39. Ke3 Ne7 40.
Nf4 Be1 41. Kf3 Bc3 42. Ne2 Bd2 43. Nf4 Bc3 44. Ke3 Be1 45. Bc1 Bh4 46. Kf3 Bg5
47. Be3 Bh6 48. Bf2 Bg5 49. Be1 Ng8 50. Nh3 Bc1 51. Bh4 Nh6 52. Ng5 Bxg5 53.
Bxg5 Ng4 54. Bd2 Kc7 55. Be3 Kd7 56. Kf4 Nh2 57. Bg1 Nf1 58. Be3 Nh2 59. Bc1
Ng4 60. Bd2 Nf2 61. Kf3 Nd1 62. Ke2 Nb2 63. Bc1 Nc4 64. Kf3 Ke8 65. Kf4 Kf7 66.
Kg5 1-0

[Event "C.to Europeo U16"]
[Site "Fermo ITA"]
[Date "2009.09.08"]
[Round "8"]
[White "Garcia Perez, Javier"]
[Black "Rombaldoni, Brian"]
[Result "1/2-1/2"]
[WhiteElo "1752"]
[BlackElo "1831"]
[PlyCount "89"]
[EventDate "2009.08.31"]

1. e4 c6 2. d4 d5 3. Nc3 dxe4 4. Nxe4 Nd7 5. Nf3 Ngf6 6. Ng3 c5 7. dxc5 e6 8.
c6 bxc6 9. c3 Bc5 10. Qc2 O-O 11. Bd3 a5 12. O-O Bb6 13. Rd1 Qc7 14. h3 Nc5 15.
Be2 Nb7 16. Ne4 Nxe4 17. Qxe4 Nd6 18. Qc2 Nf5 19. Bd3 h6 20. Bxf5 exf5 21. Qa4
Bd7 22. Bf4 Qa7 23. Rd2 Rfd8 24. Ne5 Be8 25. Rad1 Rxd2 26. Rxd2 Rd8 27. Rxd8
Bxd8 28. Be3 Qe7 29. Nc4 f4 30. Bxf4 Qe1+ 31. Kh2 Qxf2 32. Nd6 Bd7 33. Bg3 Qxb2
34. Qc4 Be6 35. Qxc6 Bf6 36. Ne4 Qxa2 37. Nxf6+ gxf6 38. Bh4 Bd5 39. Qc8+ Kh7
40. Qg4 Be6 41. Qg3 Qc2 42. Bxf6 Qg6 43. Qxg6+ Kxg6 44. Bd8 a4 45. Be7 1/2-1/2

[Event "C.to Europeo U16"]
[Site "Fermo ITA"]
[Date "2009.09.08"]
[Round "8"]
[White "Godart, Francois"]
[Black "Sagripanti, Michele"]
[Result "1/2-1/2"]
[WhiteElo "2179"]
[BlackElo "1893"]
[PlyCount "93"]
[EventDate "2009.08.31"]

1. d4 b6 2. c4 Bb7 3. Nf3 e6 4. a3 Nf6 5. Nc3 d5 6. Bg5 Be7 7. e3 O-O 8. cxd5
exd5 9. Bd3 c5 10. O-O Nc6 11. dxc5 bxc5 12. Bc2 Na5 13. Qd3 c4 14. Qe2 h6 15.
Bh4 Qb6 16. Rad1 Rfd8 17. Bb1 Rac8 18. Nd4 g6 19. Rd2 Nb3 20. Nxb3 cxb3 21.
Rfd1 g5 22. Bg3 Bxa3 23. Be5 Bb4 24. Bd4 Qe6 25. Qb5 Bxc3 26. bxc3 Ba6 27. Qxb3
Bc4 28. Qa3 a6 29. Rb2 Rb8 30. Rb4 Rxb4 31. cxb4 Ne4 32. Qb2 Rd6 33. f3 Nf6 34.
Rc1 h5 35. Qc3 Rc6 36. Qd2 Nd7 37. e4 f6 38. h4 gxh4 39. Qh6 h3 40. exd5 Bxd5
41. Bh7+ Kf7 42. Qxh5+ Ke7 43. Ra1 hxg2 44. Bf5 Qf7 45. Bg6 Qe6 46. Bf5 Qf7 47.
Bg6 1/2-1/2

[Event "C.to Europeo U16"]
[Site "Fermo ITA"]
[Date "2009.09.08"]
[Round "8"]
[White "Gouliaros-Antoniadis, Alexandros"]
[Black "Wright, Jonathan"]
[Result "1-0"]
[WhiteElo "1858"]
[BlackElo "1776"]
[PlyCount "67"]
[EventDate "2009.08.31"]

1. e4 c5 2. Nf3 e6 3. d4 cxd4 4. Nxd4 a6 5. c4 Qc7 6. Nc3 b6 7. Be3 Bb7 8. Be2
Nf6 9. f3 Bd6 10. Ndb5 axb5 11. Nxb5 Bb4+ 12. Bd2 Qc5 13. e5 Ba6 14. exf6 gxf6
15. Nc7+ Qxc7 16. Bxb4 Bxc4 17. Qc2 Na6 18. Bc3 Bxe2 19. Qxe2 e5 20. f4 d6 21.
fxe5 fxe5 22. O-O Nc5 23. Rad1 Rf8 24. Rf6 Ne6 25. Bb4 Rd8 26. Qb5+ Ke7 27.
Qxe5 Qc6 28. Rf2 f6 29. Qf5 Ng7 30. Re1+ Kf7 31. Qxh7 Rfe8 32. Rxf6+ Kxf6 33.
Bc3+ Qxc3 34. Rf1+ 1-0